000 00701nam a22001815i 4500
001 166819
003 ES-MaACL
005 20250731030202.0
008 050919s1877 sp | |||||||| ||spa d
040 _aCAM
_bspa
_cCAM
100 1 _aUtor, Luis María.
_9133471
245 1 0 _aErrores y preocupaciones en agricultura
_b: conferencia agrícola /
_cpronunciada por Luis María Utor el domingo 11 de noviembre de 1877.
260 _aMadrid :
_b[s.n.],
_c1877 (
_fImprenta de Manuel G. Hernandez)
300 _a23 p. ;
_c25 cm.
650 7 _aAgricultura
_2embne
_99670
852 _aES-MaACL
_jT-666-F-6
_z-- Enc. hol. conservando la cub. original
_z-- Enc. en un vol. facticio
999 _c166819
_d166819